000 00625nam a2200193Ia 4500
003 IN-BaIIA
008 211028s9999 xx 000 0 eng d
020 _a0-937707-40-6
040 _cIIA Library
080 _a082.2:52
_bASP-21
245 4 _aThe space distribution of quasars
_cedited by David Crampton
260 _aSan Francisco
_bAstronomical Society of the Pacific
_c1991
300 _axv, 401p.
490 _aASP conference series; v. 21
650 _aAstronomy and Astrophysics Thesaurus
650 _aQuasars
_91096
700 _aCrampton, David., ed.
_917689
942 _cBK
999 _c10947
_d10947